000
00223 a2200109 4500
020
_a
9781338038408
041
_a
spa
100
_a
Jones,Noah Z
245
_a
Ricitos de mono y los tres barbosos
942
_c
BK
952
_7
1
999
_c
19023
_d
19023